000 00699nam a22002777a 4500
001 BR2013001362
003 BR-BrBNA
005 20230928104133.0
007 ta
008 230509b bl.||||| |||| 00| 0 por d
040 _aBR-BrBNA
_bpor
_cBiblioteca Nacional de Agricultura
041 _a(Por)
072 _aL20
_b4020
090 _ 4020 BR2013001362
100 1 _aLucia, T.M.C.D. (ed.)
245 1 _aAs formigas cortadeiras
260 3 _aViçosa, MG (Brasil):
_c1993.
300 _a263 p.
500 _a17illus.; 13 tables
650 _aFORMIGA
650 _aTAXONOMIA VEGETAL
650 _aBIOLOGIA
650 _aECOLOGIA
909 _a202309
_bLucia
_c55
_dLucia Elande
942 _cBK
999 _c78310
_d78310